Código de procedimiento civil : (Registro nro. 31161)

Detalles MARC
000 -LEADER
fixed length control field 00583nam a22001697a 4500
003 - CONTROL NUMBER IDENTIFIER
control field OSt
005 - DATE AND TIME OF LATEST TRANSACTION
control field 20260310085740.0
008 - FIXED-LENGTH DATA ELEMENTS--GENERAL INFORMATION
fixed length control field 260310b |||||||| |||| 00| 0 eng d
037 ## - SOURCE OF ACQUISITION
Source of stock number/acquisition Donación
040 ## - CATALOGING SOURCE
Original cataloging agency CO-JMCR
Language of cataloging spa
Transcribing agency CO-JMCR
Modifying agency CO-JMCR
Description conventions rda
082 04 - DEWEY DECIMAL CLASSIFICATION NUMBER
Classification number 349.8602 /
Item number C66c
245 0# - TITLE STATEMENT
Title Código de procedimiento civil :
Remainder of title comentado /
Statement of responsibility, etc. Oscar Eduardo Henao Carrasquilla, Maria Eugenia Padilla Noguera, Alfonso Rivera Martínez.
300 ## - PHYSICAL DESCRIPTION
Extent 1704 págins
Dimensions 25 cm.
650 ## - SUBJECT ADDED ENTRY--TOPICAL TERM
Source of heading or term JMCR
Topical term or geographic name entry element Derecho civil colombiano.
9 (RLIN) 44564
650 ## - SUBJECT ADDED ENTRY--TOPICAL TERM
Source of heading or term JMCR
Topical term or geographic name entry element Procedimiento civil
9 (RLIN) 9109
942 ## - ADDED ENTRY ELEMENTS (KOHA)
Source of classification or shelving scheme Dewey Decimal Classification
Koha item type Books
Existencias
Withdrawn status Lost status Source of classification or shelving scheme Damaged status Not for loan Collection code Home library Current library Shelving location Date acquired Total Checkouts Full call number Barcode Date last seen Copy number Price effective from Koha item type
    Dewey Decimal Classification     Non-fiction Biblioteca Pública José María del Castillo y Rada Biblioteca Pública José María del Castillo y Rada Book Cart 03/10/2026   349.8602 / C66c 201812521 03/10/2026 Ej.1 03/10/2026 Books